| 000 | 00646nam a2200253Ia 4500 | ||
|---|---|---|---|
| 003 | OSt | ||
| 005 | 20221007071411.0 | ||
| 006 | a|||||r|||| 00| 0 | ||
| 007 | ta | ||
| 008 | 221006b |||||||| |||| 00| 0 eng d | ||
| 024 | _a15,536 | ||
| 037 | _cTextual | ||
| 040 |
_aFLL _cFLL _beng |
||
| 041 |
_2eng _aeng |
||
| 082 | _aX62:Z3, L2 | ||
| 100 | _aPaget Au. | ||
| 245 | 0 | _aLaw of banking | |
| 250 | _a8th | ||
| 260 |
_aLondon _bButterworths London _c1972 |
||
| 300 |
_alxii,736p _ccm. |
||
| 700 | _a Megrah Maurice Au. | ||
| 942 |
_hX62:Z3, L2 _cTEXL _2CC |
||
| 999 |
_c1143244 _d1143244 |
||